|
|
|
|
| LEADER |
01372cam a22003253u 4500 |
| 001 |
10103924 |
| 003 |
upatras |
| 005 |
20210119212217.0 |
| 008 |
991022s eng |
| 020 |
|
|
|a 0 201 42274 3
|
| 040 |
|
|
|a Βιβλιοθήκη ΕΑΙΤΥ
|c Βιβλιοθήκη ΕΑΙΤΥ
|
| 041 |
0 |
|
|a eng
|
| 245 |
1 |
0 |
|a ATM Networks
|b Concepts, Protocols, Applications
|
| 250 |
|
|
|a 2nd ed.
|
| 260 |
|
|
|a Wokingham
|a England
|b Addison-Wesley
|c c1994
|
| 300 |
|
|
|a xvii,287p.
|b fig.
|
| 490 |
0 |
|
|a Electronic Systems Engineering Series
|
| 500 |
|
|
|a βιβλιογραφία:σσ. 263-276 Πρόγραμμα:
|
| 650 |
|
4 |
|a ATM NETWORKS
|9 120847
|
| 650 |
|
4 |
|a COMPUTER NETWORKS
|9 24291
|
| 650 |
|
4 |
|a Ηλεκτρονικοί υπολογιστές
|x Πρωτόκολλα δικτύων
|9 113849
|
| 650 |
|
4 |
|a ΠΡΟΓΡΑΜΜΑ
|9 16734
|
| 700 |
1 |
|
|a Handel, Rainer
|4 aut
|9 106950
|
| 700 |
1 |
|
|a Huber, Manfred N.
|4 aut
|9 106951
|
| 700 |
1 |
|
|a Schroder, Stefan
|4 aut
|9 120848
|
| 760 |
0 |
|
|a Electronic Systems Engineering Series
|
| 852 |
|
|
|a GR-PaULI
|b ΠΑΤΡΑ
|b ΤΜΗΥΠ
|h 004.6 HAN
|t 1
|
| 942 |
|
|
|2 ddc
|
| 952 |
|
|
|0 0
|1 0
|2 ddc
|4 0
|6 004_600000000000000_HAN
|7 0
|8 NFIC
|9 132837
|a LISP
|b LISP
|c ALFg
|d 2016-04-24
|l 0
|o 004.6 HAN
|p 025000287096
|r 2016-04-24 00:00:00
|t 1
|w 2016-04-24
|y BK15
|x Μεταφορά από Τμ. Μηχανικών ΗΥ & Πληροφορικής
|
| 999 |
|
|
|c 87024
|d 87024
|